[Event "Cambridge op 3rd"]
[Site "Cambridge"]
[Date "2025.05.30"]
[Round "7"]
[White "Brewer, Callum D"]
[Black "Kirupakaran, Vishnu"]
[Result "1-0"]
[WhiteElo "2154"]
[BlackElo "1847"]
[PlyCount "75"]
[EventDate "2025.05.26"]
[EventType "tourn"]
[EventRounds "9"]
[EventCountry "ENG"]
[SourceTitle "CB23_2025"]
[SourceDate "2025.06.04"]
[SourceVersion "1"]
[SourceVersionDate "2025.06.04"]
[SourceQuality "1"]

1. e4 c5 2. Nf3 e6 3. c3 Nf6 4. e5 Nd5 5. d4 cxd4 6. cxd4 d6 7. Bc4 Be7 8. 0-0 0-0 9. Re1 Nc6 10. exd6 Qxd6 11. Nc3 b6 12. Bb3 Bb7 13. Nxd5 exd5 14. g3 Rae8 15. Bf4 Qd8 16. Rc1 Bf6 17. Ne5 Re6 18. Ba4 Nxe5 19. dxe5 Be7 20. a3 d4 21. Bc2 Qa8 22. Qxd4 Rd8 23. Qa4 Bc5 24. Be4 Rd4 25. Bxb7 Qxb7 26. Qb3 Rd7 27. Red1 h6 28. Rxd7 Qxd7 29. Rd1 Qe7 30. Qd5 g5 31. Qa8+ Kh7 32. Rd8 gxf4 33. Rh8+ Kg6 34. g4 Bxf2+ 35. Kg2 f3+ 36. Kxf3 Rxe5 37. Qg8+ Kf6 38. Rxh6# 1-0

[Event "Cambridge op 3rd"]
[Site "Cambridge"]
[Date "2025.05.30"]
[Round "8"]
[White "Kirupakaran, Vishnu"]
[Black "Pozzari, Simone"]
[Result "0-1"]
[WhiteElo "1847"]
[BlackElo "2171"]
[PlyCount "122"]
[EventDate "2025.05.26"]
[EventType "tourn"]
[EventRounds "9"]
[EventCountry "ENG"]
[SourceTitle "CB23_2025"]
[SourceDate "2025.06.04"]
[SourceVersion "1"]
[SourceVersionDate "2025.06.04"]
[SourceQuality "1"]

1. e4 c5 2. Nc3 Nc6 3. Nge2 g6 4. d4 cxd4 5. Nxd4 Bg7 6. Be3 Nf6 7. g3 d6 8. h3 Bd7 9. Bg2 Qc8 10. g4 Ne5 11. 0-0 Nc4 12. Bc1 0-0 13. Nd5 Re8 14. b3 Nxd5 15. exd5 Qc5 16. Be3 Nxe3 17. fxe3 Qc3 18. Qf3 Rf8 19. Rad1 Bxd4 20. Rxd4 Qxc2 21. Rf4 f5 22. gxf5 Rxf5 23. e4 Rxf4 24. Qxf4 Re8 25. h4 Qc3 26. h5 Qd4+ 27. Kh1 Qg7 28. h6 g5 29. Qh2 Qe5 30. Qxe5 dxe5 31. Rf3 g4 32. Rd3 Kf7 33. d6 exd6 34. Rxd6 Be6 35. Bf1 Ke7 36. Bb5 Rf8 37. Rd2 Rf6 38. Rh2 g3 39. Rh5 Rf2 40. Rxe5 Rh2+ 41. Kg1 Kf6 42. Rc5 Rxh6 43. Kg2 Rg6 44. Bf1 Bd7 45. Rc3 Bc6 46. Rxg3 Bxe4+ 47. Kf2 Rxg3 48. Kxg3 Ke5 49. Bc4 Kd4 50. Kf4 Bb1 51. a3 Be4 52. Bg8 Bd3 53. b4 Kc3 54. Ke3 Bf5 55. Bd5 b6 56. Bf7 Bc2 57. Bg8 Kb2 58. Kd2 Bf5 59. a4 Ka3 60. a5 Kxb4 61. axb6 axb6 0-1

[Event "London Menchik Memorial Blitz op 3rd"]
[Site "London"]
[Date "2024.09.03"]
[Round "5"]
[White "Keohane, Benedict A"]
[Black "Kirupakaran, Vishnu"]
[Result "0-1"]
[WhiteElo "1944"]
[BlackElo "1800"]
[PlyCount "78"]
[EventDate "2024.09.03"]
[EventType "swiss (blitz)"]
[EventRounds "14"]
[EventCountry "ENG"]
[SourceTitle "EXT 2025"]
[Source "ChessBase"]
[SourceDate "2024.10.14"]
[SourceVersion "1"]
[SourceVersionDate "2024.10.14"]
[SourceQuality "1"]

1. g4 d6 2. h3 c5 3. Bg2 Nc6 4. b3 e5 5. Bb2 h5 6. e3 hxg4 7. hxg4 Rxh1 8. Bxh1 Qh4 9. Bf3 Nf6 10. Nc3 Nxg4 11. Qe2 Bd7 12. 0-0-0 0-0-0 13. Ne4 f5 14. Ng3 Nf6 15. Bg2 Qb4 16. a3 Qa5 17. Nf3 g6 18. Nh4 Be8 19. Qc4 d5 20. Qe2 d4 21. Qc4 Be7 22. Qe6+ Bd7 23. Qf7 d3 24. Bxc6 Bxc6 25. Qxe7 Nd5 26. Qe6+ Kb8 27. Bxe5+ Ka8 28. Bb2 dxc2 29. Kxc2 c4 30. b4 Qa4+ 31. Kc1 Nxb4 32. axb4 c3 33. Bxc3 Bd5 34. Qxd5 Rxd5 35. Nxg6 a5 36. Nf4 Rb5 37. Nge2 Qa3+ 38. Bb2 Qxb4 39. Kb1 Qxb2# 0-1

[Event "London Menchik Memorial Blitz op 3rd"]
[Site "London"]
[Date "2024.09.03"]
[Round "11"]
[White "Kirupakaran, Vishnu"]
[Black "Grose, Kameron"]
[Result "0-1"]
[WhiteElo "1800"]
[BlackElo "1776"]
[PlyCount "96"]
[EventDate "2024.09.03"]
[EventType "swiss (blitz)"]
[EventRounds "14"]
[EventCountry "ENG"]
[SourceTitle "EXT 2025"]
[Source "ChessBase"]
[SourceDate "2024.10.14"]
[SourceVersion "1"]
[SourceVersionDate "2024.10.14"]
[SourceQuality "1"]

1. e4 c5 2. Nc3 d6 3. d4 cxd4 4. Qxd4 Nc6 5. Qd2 g6 6. b3 Bh6 7. f4 f5 8. Bb2 Nf6 9. Bd3 Rf8 10. exf5 Bxf5 11. Bxf5 gxf5 12. Nf3 Ne4 13. Qe3 Nxc3 14. Bxc3 e5 15. g3 e4 16. 0-0-0 Qe7 17. Nd4 Nxd4 18. Qxd4 Rc8 19. Bb4 Bg7 20. Qxd6 Qxd6 21. Rxd6 Rf7 22. Re6+ Kd7 23. Rd6+ Ke8 24. Rhd1 Rfc7 25. c4 Bf8 26. Re6+ Kf7 27. Bxf8 Kxe6 28. Bd6 Rd7 29. c5 b6 30. b4 a5 31. a3 axb4 32. axb4 bxc5 33. bxc5 Rc6 34. Kb2 Rxc5 35. Rd4 Rd5 36. Rxd5 Kxd5 37. Be5 Rb7+ 38. Kc2 Ra7 39. h3 h5 40. Kd2 Ra2+ 41. Ke3 Ra3+ 42. Kf2 Rf3+ 43. Kg2 Ra3 44. Bb2 e3 45. Bg7 Ra2+ 46. Kf1 Ke4 47. Bf6 Kf3 48. Ke1 Ra1+ 0-1

[Event "London Menchik Memorial Blitz op 3rd"]
[Site "London"]
[Date "2024.09.03"]
[Round "8"]
[White "Pollack, Oscar"]
[Black "Kirupakaran, Vishnu"]
[Result "1-0"]
[WhiteElo "2002"]
[BlackElo "1800"]
[PlyCount "68"]
[EventDate "2024.09.03"]
[EventType "swiss (blitz)"]
[EventRounds "14"]
[EventCountry "ENG"]
[SourceTitle "EXT 2025"]
[Source "ChessBase"]
[SourceDate "2024.10.14"]
[SourceVersion "1"]
[SourceVersionDate "2024.10.14"]
[SourceQuality "1"]

1. e4 c5 2. Nf3 e6 3. d4 cxd4 4. Nxd4 Nf6 5. Nc3 Nc6 6. Nxc6 bxc6 7. Bd3 d5 8. 0-0 Be7 9. e5 Nd7 10. f4 0-0 11. Bxh7+ Kxh7 12. Qh5+ Kg8 13. Rf3 f5 14. Rh3 Nf6 15. exf6 Bxf6 16. Be3 Qe8 17. Rd1 Qxh5 18. Rxh5 Bb7 19. Bc5 Rfd8 20. Na4 Rab8 21. b3 Ra8 22. Rh3 Kf7 23. Re3 d4 24. Red3 Ba6 25. R3d2 d3 26. cxd3 Rd5 27. d4 Rad8 28. Bxa7 g5 29. Bc5 gxf4 30. Nb6 Bb5 31. Nxd5 Rxd5 32. a4 Ba6 33. Re1 Bg7 34. b4 Bc4 1-0

[Event "London Menchik Memorial Blitz op"]
[Site "London"]
[Date "2024.09.01"]
[Round "8"]
[White "Kirupakaran, Vishnu"]
[Black "Brennan, Henry"]
[Result "1-0"]
[WhiteElo "1800"]
[BlackElo "1474"]
[PlyCount "33"]
[EventDate "2024.09.01"]
[EventType "swiss (blitz)"]
[EventRounds "9"]
[EventCountry "ENG"]
[SourceTitle "CBM 221 Extra"]
[Source "ChessBase"]
[SourceDate "2024.09.30"]
[SourceVersion "1"]
[SourceVersionDate "2024.09.30"]
[SourceQuality "1"]

1. b3 Nf6 2. Bb2 g6 3. e4 Bg7 4. e5 Nd5 5. Qe2 Nc6 6. Nf3 d6 7. d4 0-0 8. Nc3 Bf5 9. Nxd5 dxe5 10. Ne3 exd4 11. Nxf5 gxf5 12. 0-0-0 d3 13. Rxd3 Bxb2+ 14. Kxb2 Qe8 15. Ne5 Nxe5 16. Qxe5 c6 17. Rg3# 1-0

[Event "London Menchik Memorial Blitz op"]
[Site "London"]
[Date "2024.09.01"]
[Round "7"]
[White "Kirupakaran, Vishnu"]
[Black "Mozaffari, Mohammad Hossein"]
[Result "0-1"]
[WhiteElo "1800"]
[BlackElo "1854"]
[PlyCount "74"]
[EventDate "2024.09.01"]
[EventType "swiss (blitz)"]
[EventRounds "9"]
[EventCountry "ENG"]
[SourceTitle "CBM 221 Extra"]
[Source "ChessBase"]
[SourceDate "2024.09.30"]
[SourceVersion "1"]
[SourceVersionDate "2024.09.30"]
[SourceQuality "1"]

1. b3 Nf6 2. Bb2 g6 3. e4 d6 4. Nc3 Bg7 5. Qe2 Nbd7 6. h4 h5 7. d4 e5 8. Nf3 a5 9. a4 b6 10. g3 Ba6 11. Qd2 Bxf1 12. Rxf1 0-0 13. 0-0-0 Ng4 14. Qd3 Qe7 15. Nd5 Qd8 16. Kb1 c6 17. Ne3 Nxe3 18. Qxe3 Qe7 19. Rfe1 Rfe8 20. Ba3 Rad8 21. dxe5 Nxe5 22. Nxe5 Qxe5 23. Ka2 b5 24. f4 Qe6 25. axb5 cxb5 26. Rd5 b4 27. Bb2 Bxb2 28. Kxb2 a4 29. bxa4 Ra8 30. Qd4 Rxa4 31. Re3 Rea8 32. Rb3 Ra2+ 33. Kc1 Qh3 34. Rxd6 Ra1+ 35. Kd2 Qg2+ 36. Ke3 Re1+ 37. Kd3 Qe2# 0-1

[Event "BCF-ch Major"]
[Site "Hull"]
[Date "2024.07.30"]
[Round "4"]
[White "Pattni, Kishan"]
[Black "Kirupakaran, Vishnu"]
[Result "0-1"]
[WhiteElo "1746"]
[BlackElo "1852"]
[PlyCount "88"]
[EventDate "2024.07.27"]
[EventType "swiss"]
[EventRounds "9"]
[EventCountry "ENG"]
[SourceTitle "CBM 221 Extra"]
[Source "ChessBase"]
[SourceDate "2024.09.30"]
[SourceVersion "1"]
[SourceVersionDate "2024.09.30"]
[SourceQuality "1"]

1. d4 f5 2. h3 b6 3. g4 Bb7 4. Nf3 e6 5. gxf5 exf5 6. d5 Nf6 7. c4 Bc5 8. Nc3 Qe7 9. Nd4 Ne4 10. Be3 0-0 11. Qd3 Nd6 12. 0-0-0 Ba6 13. b3 Bb4 14. Bg2 Qf6 15. Kc2 Bb7 16. Ncb5 Na6 17. Nf3 Nxb5 18. cxb5 Ba3 19. Qd4 Nb4+ 20. Kb1 Bxd5 21. Qxf6 Be4+ 22. Rd3 Rxf6 23. Ne1 Bxg2 24. Nxg2 Nxd3 25. exd3 Bd6 26. Kc2 f4 27. Bd4 Re6 28. Kc3 Be5 29. a4 Rf8 30. f3 Bxd4+ 31. Kxd4 Re2 32. Rg1 Rf6 33. h4 Rg6 34. Nxf4 Rxg1 35. Nxe2 Rh1 36. Nc3 Rxh4+ 37. Ke5 Kf7 38. f4 Rh5+ 39. Ke4 Ke6 40. Ne2 d5+ 41. Kd4 Rh4 42. Ke3 Rh3+ 43. Kd2 Rh2 44. Ke3 Rxe2+ 0-1

[Event "BCF-ch Major"]
[Site "Hull"]
[Date "2024.07.28"]
[Round "2"]
[White "Nicholas, Koichi B"]
[Black "Kirupakaran, Vishnu"]
[Result "1-0"]
[WhiteElo "2097"]
[BlackElo "1852"]
[PlyCount "39"]
[EventDate "2024.07.27"]
[EventType "swiss"]
[EventRounds "9"]
[EventCountry "ENG"]
[SourceTitle "CBM 221 Extra"]
[Source "ChessBase"]
[SourceDate "2024.09.30"]
[SourceVersion "1"]
[SourceVersionDate "2024.09.30"]
[SourceQuality "1"]

1. e4 c5 2. Nf3 e6 3. d4 cxd4 4. Nxd4 Nf6 5. Nc3 Nc6 6. Ndb5 Bc5 7. Bf4 0-0 8. Bc7 Qe7 9. Bd6 Bxd6 10. Qxd6 Qd8 11. Nc7 Ne8 12. Nxe8 Rxe8 13. 0-0-0 a6 14. h4 b5 15. Rh3 Qa5 16. Nxb5 Qb6 17. Nc7 Rb8 18. Rb3 Nb4 19. Qxb6 Rxb6 20. Nxe8 1-0

[Event "London Mindsports blitz op 4th"]
[Site "London"]
[Date "2024.07.23"]
[Round "10"]
[White "Bijeljic, Branko"]
[Black "Kirupakaran, Vishnu"]
[Result "0-1"]
[WhiteElo "1924"]
[BlackElo "1842"]
[PlyCount "132"]
[EventDate "2024.07.23"]
[EventType "swiss (blitz)"]
[EventRounds "14"]
[EventCountry "ENG"]
[SourceTitle "CBM 221 Extra"]
[Source "ChessBase"]
[SourceDate "2024.09.30"]
[SourceVersion "1"]
[SourceVersionDate "2024.09.30"]
[SourceQuality "1"]

1. e4 c5 2. Nc3 d6 3. d4 cxd4 4. Qxd4 Bd7 5. b3 Nc6 6. Qd2 a6 7. Bb2 e6 8. f4 Be7 9. Nf3 Qc7 10. 0-0-0 Nf6 11. h3 h6 12. g4 0-0-0 13. Bg2 Rhg8 14. Kb1 g5 15. fxg5 hxg5 16. Qf2 Ne5 17. Nd4 Kb8 18. Rhe1 Rc8 19. Rc1 Qa5 20. Nce2 Qb6 21. c4 Ka8 22. Qe3 Bc6 23. Nc3 Rcd8 24. Nxc6 Qxc6 25. Na4 Nfd7 26. Red1 f6 27. Bf1 Rc8 28. Ba3 Nc5 29. Nxc5 dxc5 30. Bb2 Bd6 31. Rd2 Bc7 32. Rcd1 b6 33. Bc3 Kb7 34. Kb2 Rg7 35. Bg2 Ka7 36. Qf2 Rf8 37. Re1 Rd7 38. Red1 Rxd2+ 39. Rxd2 Qe8 40. Qe2 Qe7 41. Qd1 Kb7 42. Kc2 Kc6 43. a3 a5 44. Kb1 a4 45. Qc2 axb3 46. Qxb3 Rd8 47. Qb5+ Kb7 48. Rb2 Qd7 49. a4 Qd3+ 50. Ka2 Qxc4+ 51. Qxc4 Nxc4 52. Rf2 Be5 53. Bxe5 fxe5 54. Rf7+ Kc6 55. Rg7 Rd2+ 56. Kb3 Na5+ 57. Kc3 Rxg2 58. Rxg5 Rg3+ 59. Kc2 Rxh3 60. Rg8 b5 61. axb5+ Kxb5 62. g5 Kc4 63. g6 Rg3 64. g7 Nc6 65. Rc8 Nd4+ 66. Kd2 Rxg7 0-1

[Event "BCF-chT3W 2324 (4NCL)"]
[Site "England"]
[Date "2024.03.10"]
[Round "8.46"]
[White "Gillett, John"]
[Black "Kirupakaran, Vishnu"]
[Result "1/2-1/2"]
[WhiteElo "1668"]
[BlackElo "1866"]
[PlyCount "113"]
[EventDate "2023.11.18"]
[EventType "team-tourn"]
[EventRounds "11"]
[EventCountry "ENG"]
[SourceTitle "EXT 2025"]
[Source "ChessBase"]
[SourceDate "2024.10.14"]
[SourceVersion "1"]
[SourceVersionDate "2024.10.14"]
[SourceQuality "1"]
[WhiteTeam "Chessable White Rose III"]
[BlackTeam "Barnet Knights II"]
[WhiteTeamCountry "ENG"]
[BlackTeamCountry "ENG"]

1. d4 f5 2. Nc3 Nf6 3. Bg5 e6 4. e4 fxe4 5. Nxe4 Be7 6. Bxf6 Bxf6 7. Nf3 b6 8. Bd3 Bb7 9. c3 Qe7 10. Qc2 c5 11. dxc5 bxc5 12. g4 Nc6 13. g5 Be5 14. Nxe5 Nxe5 15. 0-0-0 0-0 16. Rhe1 Nf3 17. Re3 d5 18. Nxc5 Qxc5 19. Bxh7+ Kh8 20. Qg6 d4 21. Rxf3 Rxf3 22. Qh5 g6 23. Bxg6+ Kg8 24. Qh7+ Kf8 25. Qxb7 Qxg5+ 26. Rd2 Qg1+ 27. Rd1 Qg5+ 28. Kc2 Rxf2+ 29. Kb3 Rd8 30. Qb4+ Kg7 31. Be4 a5 32. Qb7+ Rf7 33. Qb6 e5 34. Qxa5 Rb8+ 35. Ka4 Rxb2 36. Ka3 dxc3 37. Qxc3 Rbf2 38. Rd5 Qe7+ 39. Qc5 Qxc5+ 40. Rxc5 Ra7+ 41. Kb3 Kf6 42. Rc6+ Kg5 43. a4 Rxh2 44. Rc5 Kf4 45. Rc4 Ke3 46. Kb4 Rh4 47. Bd5 Rxc4+ 48. Bxc4 Kd4 49. Bf1 Rb7+ 50. Bb5 e4 51. a5 e3 52. a6 Rxb5+ 53. Kxb5 e2 54. a7 e1Q 55. a8Q Qb1+ 56. Ka6 Qa2+ 57. Kb7 1/2-1/2

[Event "BCF-chT3W 2324 (4NCL)"]
[Site "England"]
[Date "2024.03.09"]
[Round "7.36"]
[White "Kirupakaran, Vishnu"]
[Black "Baer, Bruce L"]
[Result "0-1"]
[WhiteElo "1866"]
[BlackElo "2084"]
[PlyCount "64"]
[EventDate "2023.11.18"]
[EventType "team-tourn"]
[EventRounds "11"]
[EventCountry "ENG"]
[SourceTitle "EXT 2025"]
[Source "ChessBase"]
[SourceDate "2024.10.14"]
[SourceVersion "1"]
[SourceVersionDate "2024.10.14"]
[SourceQuality "1"]
[WhiteTeam "Barnet Knights II"]
[BlackTeam "Warwicks Select II"]
[WhiteTeamCountry "ENG"]
[BlackTeamCountry "ENG"]

1. e4 g6 2. d4 Bg7 3. Nc3 a6 4. Be3 b5 5. Qd2 d6 6. f3 Bb7 7. h4 h5 8. Nh3 Nf6 9. Ng5 c6 10. e5 dxe5 11. dxe5 Qxd2+ 12. Bxd2 Nd5 13. Nxd5 cxd5 14. e6 f5 15. Nf7 0-0 16. 0-0-0 d4 17. Bh6 Bxh6+ 18. Nxh6+ Kg7 19. Nf7 Bd5 20. Ng5 Nc6 21. a3 Rfc8 22. Bd3 b4 23. axb4 Nxb4 24. Kd2 Rab8 25. c3 Nxd3 26. Kxd3 Rxb2 27. Kxd4 Bc6 28. Rhg1 Bb5 29. Rc1 Rc4+ 30. Kd5 Rd2+ 31. Ke5 Bc6 32. Rcd1 Re2+ 0-1

[Event "BCF-chT3W 2223 (4NCL)"]
[Site "England"]
[Date "2023.02.04"]
[Round "5.25"]
[White "Mason, Donald"]
[Black "Kirupakaran, Vishnu"]
[Result "1-0"]
[WhiteElo "2149"]
[BlackElo "1912"]
[PlyCount "35"]
[EventDate "2022.10.22"]
[EventType "team-tourn"]
[EventRounds "11"]
[EventCountry "ENG"]
[SourceTitle "EXT 2024"]
[Source "ChessBase"]
[SourceDate "2023.10.10"]
[SourceVersion "1"]
[SourceVersionDate "2023.10.10"]
[SourceQuality "1"]
[WhiteTeam "Warwicks Select"]
[BlackTeam "Barnet Knights II"]
[WhiteTeamCountry "ENG"]
[BlackTeamCountry "ENG"]

1. e4 c5 2. Nc3 d6 3. f4 Nc6 4. Nf3 g6 5. Bb5 Bd7 6. Bxc6 Bxc6 7. d3 Bg7 8. 0-0 Nf6 9. Qe1 Nd7 10. Be3 0-0 11. f5 Ne5 12. Qh4 e6 13. Ng5 h6 14. f6 hxg5 15. Bxg5 Bh8 16. Rae1 b5 17. Re3 b4 18. Rh3 1-0

[Event "Pfaeffikon Acrevis op 2nd"]
[Site "Pfaeffikon"]
[Date "2022.07.28"]
[Round "1"]
[White "Panda, Gyorgy"]
[Black "Kirupakaran, Vishnu"]
[Result "0-1"]
[WhiteElo "1603"]
[BlackElo "1911"]
[PlyCount "124"]
[EventDate "2022.07.28"]
[EventType "swiss"]
[EventRounds "6"]
[EventCountry "SUI"]
[SourceTitle "EXT 2023"]
[Source "ChessBase"]
[SourceDate "2022.10.05"]
[SourceVersion "1"]
[SourceVersionDate "2022.10.05"]
[SourceQuality "1"]

1. d4 d5 2. c4 c6 3. Nf3 Nf6 4. Nc3 e6 5. e3 Nbd7 6. Bd3 dxc4 7. Bxc4 b5 8. Bd3 Bd6 9. e4 b4 10. e5 bxc3 11. exf6 Qa5 12. fxg7 Rg8 13. 0-0 Rxg7 14. bxc3 Qh5 15. g3 Bb7 16. c4 Nf6 17. Ne5 Qh3 18. Re1 c5 19. Bf1 Qh4 20. Nf3 Bxg3 21. fxg3 Rxg3+ 22. hxg3 Qxg3+ 23. Bg2 Bxf3 24. Qxf3 Qxe1+ 25. Bf1 Ne4 26. Bb2 Qh4 27. Qg2 Ke7 28. d5 Rg8 29. Qxg8 Qf2+ 30. Kh1 Ng3+ 31. Qxg3 Qxg3 32. dxe6 fxe6 33. Bg2 h5 34. Rf1 h4 35. Bf6+ Kd7 36. Rf3 Qe1+ 37. Kh2 e5 38. Bh3+ Kc6 39. Bg2 e4 40. Rh3 Kb6 41. Bxh4 Qd2 42. a3 e3 43. Bg5 Qd6+ 44. Kh1 e2 45. Bh4 Qd1+ 46. Kh2 e1Q 47. Bxe1 Qxe1 48. Bd5 Qf2+ 49. Kh1 a5 50. Rf3 Qd4 51. Kg2 Kc7 52. Kg3 Kd6 53. Kg2 Ke5 54. Rf7 Qb2+ 55. Kg3 Qxa3+ 56. Rf3 Qc1 57. Rf7 Qe3+ 58. Kg4 Qg1+ 59. Kh5 a4 60. Rf3 Qd1 61. Kh4 Qxf3 62. Bxf3 a3 0-1

[Event "London Chess Classic: Blitz A"]
[Site "London"]
[Date "2019.12.08"]
[Round "7"]
[White "Kirupakaran, Vishnu"]
[Black "Arapalea, Daniel Ionel"]
[Result "1/2-1/2"]
[WhiteElo "1569"]
[BlackElo "1829"]
[PlyCount "91"]
[EventDate "2019.12.08"]
[EventType "swiss (blitz)"]
[EventRounds "11"]
[EventCountry "ENG"]
[SourceTitle "EXT 2021"]
[Source "ChessBase"]
[SourceDate "2020.10.23"]
[SourceVersion "1"]
[SourceVersionDate "2020.10.23"]
[SourceQuality "1"]

1. e4 c5 2. Nf3 d6 3. d4 cxd4 4. Nxd4 Nf6 5. Nc3 e5 6. Bb5+ Bd7 7. Bxd7+ Nbxd7 8. Nf5 Nb6 9. Bg5 h6 10. Bh4 g5 11. Bg3 Qd7 12. Ne3 Rc8 13. f3 Be7 14. Qd2 Nc4 15. Nxc4 Rxc4 16. 0-0-0 a6 17. Nd5 Nxd5 18. Qxd5 Rc5 19. Qxc5 dxc5 20. Rxd7 Kxd7 21. Bxe5 f6 22. Bc3 b5 23. b3 Kc6 24. Rd1 Rg8 25. h3 h5 26. Rd5 b4 27. Bd2 a5 28. Kd1 Bd6 29. c4 a4 30. Rf5 Be5 31. Ke2 axb3 32. axb3 Ra8 33. Bxg5 Ra2+ 34. Ke3 Bd4+ 35. Kf4 Rxg2 36. Bxf6 Bf2 37. Bg5 Bg3+ 38. Ke3 Rb2 39. Rf6+ Kd7 40. Rg6 Rxb3+ 41. Ke2 Rb2+ 42. Kd3 Be5 43. f4 Bd4 44. Rh6 Bc3 45. Rh7+ Ke6 46. f5+ 1/2-1/2

[Event "London Chess Classic: Blitz A"]
[Site "London"]
[Date "2019.12.08"]
[Round "2"]
[White "Patel, Zain"]
[Black "Kirupakaran, Vishnu"]
[Result "1-0"]
[WhiteElo "1326"]
[BlackElo "1569"]
[PlyCount "67"]
[EventDate "2019.12.08"]
[EventType "swiss (blitz)"]
[EventRounds "11"]
[EventCountry "ENG"]
[SourceTitle "EXT 2021"]
[Source "ChessBase"]
[SourceDate "2020.10.23"]
[SourceVersion "1"]
[SourceVersionDate "2020.10.23"]
[SourceQuality "1"]

1. e4 c5 2. Nf3 d6 3. d4 cxd4 4. Nxd4 Nf6 5. Nc3 a6 6. Be3 e5 7. Nb3 Be7 8. f3 Be6 9. Qd2 0-0 10. 0-0-0 Nbd7 11. Be2 b5 12. a3 Rc8 13. Kb1 Nb6 14. h4 Nc4 15. Bxc4 Bxc4 16. h5 a5 17. g4 Ra8 18. g5 Nd7 19. g6 b4 20. Nd5 Bxb3 21. cxb3 bxa3 22. gxh7+ Kh8 23. Rhg1 Nc5 24. h6 g6 25. Bxc5 dxc5 26. Nxe7 Qxe7 27. bxa3 Rfb8 28. Kb2 Qb7 29. Qc3 Qc7 30. f4 Kxh7 31. fxe5 a4 32. b4 Qe7 33. e6 cxb4 34. Qg7# 1-0

[Event "London Classic rapid op 11th"]
[Site "London"]
[Date "2019.12.07"]
[Round "3"]
[White "Kirupakaran, Vishnu"]
[Black "Deaconu, Mihai Ionut"]
[Result "1-0"]
[WhiteElo "1581"]
[BlackElo "1863"]
[PlyCount "155"]
[EventDate "2019.12.07"]
[EventType "swiss (rapid)"]
[EventRounds "7"]
[EventCountry "ENG"]
[SourceTitle "CBM 195 Extra"]
[Source "ChessBase"]
[SourceDate "2020.05.31"]
[SourceVersion "1"]
[SourceVersionDate "2020.05.31"]
[SourceQuality "1"]

1. e4 e5 2. Nf3 Nc6 3. Bb5 a6 4. Ba4 Nf6 5. 0-0 Be7 6. Re1 b5 7. Bb3 d6 8. c3 0-0 9. d4 Bg4 10. d5 Nb8 11. h3 Bxf3 12. Qxf3 Nbd7 13. Nd2 Nc5 14. Bc2 h6 15. Nf1 Nfd7 16. Qg3 Bg5 17. Ne3 g6 18. b4 Nb7 19. a4 Nb6 20. axb5 axb5 21. Rxa8 Qxa8 22. h4 Bf4 23. Qf3 Qa2 24. Bd3 Nc4 25. Bxc4 bxc4 26. g3 Bxe3 27. Qxe3 f5 28. Qxh6 fxe4 29. Qxg6+ Kh8 30. Rf1 Qe2 31. Bh6 Rg8 32. Qf6+ Kh7 33. Bg5 Rg6 34. Qf7+ Rg7 35. Qf5+ Rg6 36. g4 Qf3 37. Qxf3 exf3 38. Ra1 Rg8 39. Ra7 Rb8 40. Kh2 Kg6 41. Kg3 Nd8 42. Bxd8 Rxd8 43. Rxc7 e4 44. Re7 Ra8 45. Rxe4 Ra3 46. Rxc4 Kf6 47. Kf4 Rb3 48. g5+ Kg6 49. Kxf3 Kf5 50. Ke3 Ke5 51. f4+ Kxd5 52. Rd4+ Ke6 53. Kd3 Rb1 54. h5 Rd1+ 55. Kc4 d5+ 56. Kc5 Rc1 57. Rd3 Rf1 58. Rxd5 Rxf4 59. Rd6+ Ke7 60. Rg6 Rf5+ 61. Kb6 Rf3 62. c4 Rf4 63. Kb5 Rf5+ 64. c5 Kd7 65. Kb6 Rf4 66. b5 Rh4 67. c6+ Ke7 68. h6 Kf7 69. Rf6+ Ke7 70. Kb7 Rb4 71. b6 Rb1 72. c7 Rd1 73. c8Q Rd7+ 74. Qxd7+ Kxd7 75. h7 Ke7 76. h8Q Kd7 77. Qg7+ Ke8 78. Rf8# 1-0

[Event "GBR-ch Major 106th"]
[Site "Torquay"]
[Date "2019.08.04"]
[Round "9"]
[White "Mueller, Jens1"]
[Black "Kirupakaran, Vishnu"]
[Result "0-1"]
[WhiteElo "1965"]
[BlackElo "1771"]
[PlyCount "96"]
[EventDate "2019.07.27"]
[EventType "swiss"]
[EventRounds "9"]
[EventCountry "ENG"]
[SourceTitle "EXT 2020"]
[Source "ChessBase"]
[SourceDate "2019.10.17"]
[SourceVersion "1"]
[SourceVersionDate "2019.10.17"]
[SourceQuality "1"]

1. d4 d5 2. Bf4 c5 3. e3 Nc6 4. c3 Nf6 5. Nd2 e6 6. Ngf3 Bd6 7. Bg3 0-0 8. Bd3 b6 9. e4 Be7 10. e5 Nd7 11. h4 f5 12. Bf4 Qe8 13. a3 a6 14. h5 b5 15. Rh3 b4 16. axb4 cxd4 17. Nxd4 Ndxe5 18. N2f3 Nxf3+ 19. Nxf3 Bb7 20. Kf1 Qd7 21. Ne5 Nxe5 22. Bxe5 Bf6 23. Qe2 Qc6 24. Rg3 Rf7 25. f4 Kf8 26. Re3 Qb6 27. Re1 Re8 28. h6 g6 29. Bxf6 Rxf6 30. Re5 d4 31. Bc4 dxc3 32. bxc3 Kf7 33. Qe3 Qc6 34. Bd5 Qb5+ 35. c4 Qxb4 36. Bxe6+ Rfxe6 37. Qd3 Rxe5 38. fxe5 Qc5 39. Qd7+ Qe7 40. e6+ Kg8 41. c5 Bc8 42. Qd4 Qf8 43. c6 Bxe6 44. c7 Qxh6 45. Rxe6 Qc1+ 46. Kf2 Qc2+ 47. Kg1 Qc1+ 48. Kh2 Qxc7+ 0-1

[Event "London Classic op 10th"]
[Site "London"]
[Date "2018.12.10"]
[Round "2"]
[White "Kirupakaran, Vishnu"]
[Black "Flear, Christine"]
[Result "0-1"]
[WhiteElo "1794"]
[BlackElo "2055"]
[PlyCount "54"]
[EventDate "2018.12.09"]
[EventType "swiss"]
[EventRounds "9"]
[EventCountry "ENG"]
[SourceTitle "CBM 187 Extra"]
[Source "ChessBase"]
[SourceDate "2018.11.04"]
[SourceVersion "1"]
[SourceVersionDate "2018.11.04"]
[SourceQuality "1"]

1. e4 c5 2. Nf3 g6 3. d4 cxd4 4. Nxd4 Bg7 5. c4 Nc6 6. Be3 Nf6 7. Nc3 Ng4 8. Qxg4 Nxd4 9. 0-0-0 e5 10. Qg3 Qa5 11. Kb1 0-0 12. Bd3 a6 13. h4 h5 14. Nd5 Kh7 15. Rhf1 b5 16. b4 Qd8 17. cxb5 axb5 18. Bxd4 exd4 19. Bxb5 Bb7 20. Bc4 Bxd5 21. Bxd5 Rb8 22. a3 d6 23. f4 d3 24. Rxd3 Qf6 25. e5 dxe5 26. fxe5 Qxf1+ 27. Ka2 Qe2+ 0-1